[Event "London Classic CSC op 7th"]
[Site "London"]
[Date "2015.12.05"]
[Round "2"]
[White "Parols, Vladimirs"]
[Black "Malkiel, Daniel E"]
[Result "0-1"]
[WhiteElo "2020"]
[BlackElo "2158"]
[PlyCount "66"]
[EventDate "2015.12.04"]
[EventType "swiss"]
[EventRounds "5"]
[EventCountry "ENG"]
[SourceTitle "CBM 169 Extra"]
[Source "ChessBase"]
[SourceDate "2015.12.18"]
[SourceVersion "1"]
[SourceVersionDate "2015.12.18"]
[SourceQuality "1"]

1. d4 e6 2. e4 d5 3. Nc3 Nf6 4. Bg5 Bb4 5. e5 h6 6. exf6 hxg5 7. fxg7 Rg8 8. Qh5 Qf6 9. h4 Qxd4 10. Nge2 Qxg7 11. hxg5 d4 12. a3 dxc3 13. axb4 cxb2 14. Rb1 Nc6 15. Qh4 a5 16. b5 Nb4 17. Qc4 Bd7 18. Rh3 Qe5 19. f4 Bxb5 20. Qb3 Qe4 21. Rxb2 0-0-0 22. Re3 Qc6 23. Nc3 Bxf1 24. Kxf1 Rd2 25. Re2 Rd4 26. Rf2 Rh8 27. Kg1 Qd6 28. Rb1 Rxf4 29. Nd1 Rfh4 30. Kf1 Rd4 31. c3 Rh1+ 32. Ke2 Re4+ 33. Ne3 Qd3+ 0-1

[Event "London Classic CSC op 7th"]
[Site "London"]
[Date "2015.12.05"]
[Round "3"]
[White "Ripert, Benjamin"]
[Black "Parols, Vladimirs"]
[Result "0-1"]
[WhiteElo "1853"]
[BlackElo "2020"]
[PlyCount "92"]
[EventDate "2015.12.04"]
[EventType "swiss"]
[EventRounds "5"]
[EventCountry "ENG"]
[SourceTitle "CBM 169 Extra"]
[Source "ChessBase"]
[SourceDate "2015.12.18"]
[SourceVersion "1"]
[SourceVersionDate "2015.12.18"]
[SourceQuality "1"]

1. e4 e6 2. d4 d5 3. exd5 exd5 4. Bd3 Nc6 5. Nf3 Bg4 6. c3 Qd7 7. h3 Bh5 8. 0-0 0-0-0 9. b4 Re8 10. Be3 Bd6 11. Nbd2 Nge7 12. Nb3 f6 13. Nc5 Bxc5 14. bxc5 g5 15. Bb5 Nf5 16. Bd2 Nh4 17. Ne5 Bxd1 18. Nxd7 Kxd7 19. Raxd1 Re7 20. f4 Rg8 21. fxg5 fxg5 22. g3 Ng6 23. c4 a6 24. Ba4 Kc8 25. Bxg5 Rd7 26. Rf6 Nge7 27. h4 dxc4 28. Rf7 h6 29. Bf4 Nd5 30. Rxd7 Kxd7 31. Be5 Nc3 32. Bxc6+ Kxc6 33. Rd2 Nd5 34. Kf2 b5 35. Ke1 b4 36. Rf2 a5 37. Kd1 a4 38. Kc1 a3 39. Rf3 Rb8 40. Kc2 Kb5 41. Rf7 Ka4 42. Bxc7 b3+ 43. axb3+ cxb3+ 44. Kd3 Rb7 45. Rf8 Nxc7 46. c6 b2 0-1

[Event "London Classic CSC op 7th"]
[Site "London"]
[Date "2015.12.04"]
[Round "1"]
[White "Parols, Vladimirs"]
[Black "Akeya Price, Robert A"]
[Result "1-0"]
[WhiteElo "2020"]
[BlackElo "1501"]
[PlyCount "101"]
[EventDate "2015.12.04"]
[EventType "swiss"]
[EventRounds "5"]
[EventCountry "ENG"]
[SourceTitle "CBM 169 Extra"]
[Source "ChessBase"]
[SourceDate "2015.12.18"]
[SourceVersion "1"]
[SourceVersionDate "2015.12.18"]
[SourceQuality "1"]

1. d4 Nf6 2. c4 e6 3. Nc3 Bb4 4. e3 b6 5. Nf3 Bb7 6. Bd3 0-0 7. 0-0 Re8 8. Bd2 d6 9. a3 Bxc3 10. Bxc3 Nbd7 11. Re1 e5 12. Bf5 e4 13. Ng5 g6 14. Bxd7 Qxd7 15. d5 Qf5 16. Nh3 Ng4 17. Qd4 Qe5 18. Nf4 Qxd4 19. Bxd4 Ne5 20. Bxe5 Rxe5 21. Ne2 b5 22. b3 a5 23. Rec1 c5 24. dxc6 Bxc6 25. Nd4 Bd7 26. cxb5 Bxb5 27. b4 a4 28. Rc7 f5 29. Rac1 Rd5 30. g3 Re5 31. Nxb5 Rxb5 32. Rc8+ Rxc8 33. Rxc8+ Kg7 34. Ra8 Rd5 35. Rxa4 Rd1+ 36. Kg2 Ra1 37. Ra6 d5 38. b5 Rb1 39. a4 h6 40. h4 Kf7 41. b6 Ke7 42. a5 Kd7 43. Ra7+ Kc8 44. Rg7 Ra1 45. Rxg6 Rxa5 46. Rxh6 Kd7 47. Rf6 Rb5 48. Rxf5 Ke6 49. Rh5 Kd6 50. g4 Kc5 51. Rh6 1-0